000 00292nam a2200097Ia 4500
008 230915s9999 xx 000 0 und d
050 _aKZ 6530 .K58 2012
100 _aKITUO CHA SHERIA
245 0 _aKITUO CHA SHERIA: TRAINING MANUAL ON REFUGEE LAW FOR LAWYERS AND LAW STUDENTS
942 _cBK
999 _c166481
_d166481